|
|
|
|
| LEADER |
00000nab a2200000 a 4500 |
| 001 |
vtls009473311 |
| 003 |
SK-MaSNL |
| 005 |
20260304164321.0 |
| 008 |
250507c2009 xo |||||| | ||00 b|slo |
| 015 |
|
|
|a SNBRB2009/02
|2 snkbucl
|
| 035 |
|
|
|a (uuid)b426d8f4-d52f-4547-ab70-0fbb0085eb01
|
| 035 |
|
|
|a urn:nbn:sk:snk-ab961t
|
| 035 |
|
|
|a (urnnbn)urn:nbn:sk:snk:ar-0070p1
|
| 038 |
|
|
|a SNKBUCL
|
| 040 |
|
|
|a SNKBUCL
|b slo
|c SNKBUCL
|e AACR2
|
| 041 |
0 |
|
|a slo
|
| 044 |
|
|
|a xo
|c SK
|
| 080 |
|
|
|a 323.15
|x (437.6)
|2 2001
|
| 080 |
|
|
|a 323.15
|x (=511.141)
|x (437.6)
|2 2001
|
| 080 |
|
|
|a 314.113:323.1
|2 2001
|
| 080 |
|
|
|a 342.724
|2 2001
|
| 100 |
1 |
|
|a Števík, Alexander
|4 aut
|9 10956
|
| 245 |
1 |
0 |
|a Pohli svedomím slovenskej politiky
|c Alexander Števík
|
| 630 |
0 |
7 |
|a Dohovor o ochrane národnostných menšín
|2 snkbucl
|9 1492803
|
| 650 |
0 |
7 |
|a národnostné menšiny
|2 snkbucl
|9 2669
|
| 650 |
0 |
7 |
|a národnostná politika
|2 snkbucl
|9 4656
|
| 650 |
0 |
7 |
|a ochrana národnostných menšín
|2 snkbucl
|9 1492804
|
| 650 |
0 |
7 |
|a Maďari
|2 SNKPH
|9 18097
|
| 650 |
0 |
7 |
|a medzinárodné vzťahy
|2 SNKPH
|9 3690
|
| 651 |
|
7 |
|a Slovensko
|2 SNKPHgeo
|
| 773 |
0 |
|
|t Kultúra
|g Roč. XII, č. 3 (2009), s. 3
|x 1336-3470
|
| 850 |
|
|
|a Slovenská národná knižnica
|
| 852 |
|
|
|a Slovenská národná knižnica
|
| 856 |
4 |
1 |
|u http://www.kultura-fb.sk/new/old/archive/pdf/kult0309.pdf
|
| 954 |
|
|
|a odborná, vedecká literatúra pôvodná (slovenská)
|2 lita
|
| 958 |
|
|
|a article13
|
| 958 |
|
|
|a OND
|
| 958 |
|
|
|a HU
|
| 958 |
|
|
|a EUIPO
|
| 999 |
|
|
|c 2980421
|d 2982351
|